00341nam a2200121 i 4500001000300000100002000003245011300023260001900136040000800155041000800163080000700171008004100178bg1 aCOOPER, Leon N. 0aFizika dlja vsech :bvvedenie v suscnost' i struktur fiziki.nT. 1,pKlassiceskaja fizika /cLeon N. Cooper. aMoskva,c1973. cBPK apol a53 s pl f |000 0 pol